Η πορεία προς την Ευρωπαική νομισματική ενοποίηση και το ευρωπαίκο νομισματικό σύστημα

Αποθηκεύτηκε σε:
Λεπτομέρειες βιβλιογραφικής εγγραφής
Κύριος συγγραφέας: Αλεξάκης, Παναγιώτης
Μορφή: Βιβλίο
Γλώσσα:Greek
Δημοσίευση: Αθήνα : Ενωση Ελληνικών Τραπεζών, 1989
Σειρά:Επίκαιρα θέματα ; ; 11
Θέματα:
Ετικέτες: Προσθήκη ετικέτας
Δεν υπάρχουν, Καταχωρήστε ετικέτα πρώτοι!

MARC

LEADER 00000nam a2200000 i 4500
001 1/25216
008 950510s1989 gre d
035 |l 10022446 
040 |a GR-MY-UA  |b gre  |e aacr 
041 0 |a gre 
082 0 |a 332.494 
100 1 |a Αλεξάκης, Παναγιώτης. 
245 1 2 |a Η πορεία προς την Ευρωπαική νομισματική ενοποίηση και το ευρωπαίκο νομισματικό σύστημα /  |c Παναγιώτης Αλεξάκης 
260 |a Αθήνα :   |b Ενωση Ελληνικών Τραπεζών,   |c 1989 
300 |a 114 σ.  |b πιν. 
490 1 |a Επίκαιρα θέματα  |v ; 11 
504 |a Περιέχει βιβλιογραφία 
650 0 0 |a Monetary policy  |z European Economic Community countries. 
830 0 |a Επίκαιρα θέματα ;  |v ; 11 
852 |a INST  |b CHIOS  |e 19960719  |h 332.494 ΑΛΕ  |p 005200007067  |q 005200007067  |t BK  |y 0 
852 |a INST  |b CHIOS  |e 19960719  |h 332.494 ΑΛΕ  |p 005200007068  |q 005200007068  |t BK  |y 0 
852 |a INST  |b CHIOS  |e 19960723  |h 332.494 ΑΛΕ  |p 005200008981  |q 005200008981  |t BK  |y 0 
852 |a INST  |b CHIOS  |e 19961105  |h 332.494 ΑΛΕ  |p 005200011058  |q 005200011058  |t BK  |y 0 
852 |a INST  |b CHIOS  |e 20020402  |h 332.494 ΑΛΕ  |p 005200020589  |q 005200020589  |t BK  |y 0 
852 |a INST  |b LESVOS  |e 19950510  |h 332.494 ΑΛΕ  |p 005100001133  |q 005100001133  |t BK  |y 0 
909 |a Χ  |b 015636 
909 |a Χ  |b 015640 
909 |a Λ  |b 015755 
909 |a Χ  |b 015637 
909 |a Χ  |b 047770 
909 |a Χ  |b 098410 
922 |a 1ΔΩΡ  |b 199001